Hodnocení křivek chladnutí šedé litiny pomocí technologické kalorimetrie

Bibliographic Details
Main Author: Ponec, Jaromír (Author)
Format: Article
Language:Czech
Subjects:
Source: 1. Práce a štúdie Vysokej školy dopravnej v Žiline. Zv. 4. Séria strojnícka 1. Bratislava : Alfa, 1979 1. S. 141-163
LEADER 00962nab#a2200361#ar4500
001 000103468
003 SVKKK
005 20101227124202.0
008 101227c1979 xo |||||||||||||||b|cze
FMT
015 |a SNBRA2010/12 
038 |a SVKKK 
040 |a SVKKK  |b slo  |e AACR2 
041 0 |a cze  |b eng  |b ger 
044 |a xo  |c SK 
080 |a 669.131.6  |2 1997 
080 |a 536.6  |2 1997 
100 1 |a Ponec, Jaromír  |4 aut 
245 1 0 |a Hodnocení křivek chladnutí šedé litiny pomocí technologické kalorimetrie  |c Jaromír Ponec 
300 |b Obr. 
504 |a Bibliogr. odkazy 
504 |a Res. angl., nem. 
650 0 4 |a sivá liatina 
650 0 4 |a krivky chladnutia 
650 0 4 |a kalorimetria 
773 0 |t Práce a štúdie Vysokej školy dopravnej v Žiline. Zv. 4. Séria strojnícka  |d Bratislava : Alfa, 1979  |g S. 141-163 
958 |a RK 
958 |a NB 
974 |a Ma 
992 |a RZB 
BAS
852 |a SVKKK  |b BIB 
998 |a HUT